01834nam a22003137a 4500003000400000005001600004007000400020008004100024010001900065024001800084035001900102040001300121092001500134245008300149260003500232300005900267440003500326500006600361500007300427508026000500538009300760538017100853650001901024942002301043999001701066952014501083952014601228952014601374dpl2008090303483.0DVD050907s2005 cau105 g 00| 0 eng d aDVD-000764-766 aA2483c499.00 aDVD-000764-766 aDPLcDPL aDVD / EVER aEverybody Loves Mickeyh[videorecording] DVD /cWalt Disney Pictures Presents bWalt Disney Home Entertainment a1 videocassette (58 min.)bsd., col. ;c4-3/4 in.fDVD aWalt Disney Home Entertainment aSpecial Features: Lucky Matches Activity, Can you Recall Game aDistributor in India Excel Production Audiovisuals Pvt. Ltd. Mumbai aDirector of photography, Oliver Wood ; art directors, Shepherd Frankel, Don Macaulay ; editor, William Hoy ; music, Miri Ben-Ari, John Ottman ; costume designer, Jose Fernandez, Wendy Partridge ; production designer, Bill Boes ; visual effects supervisors aDolby digital 2.0, English, Mandarin, Thai, Cantonese Subtitles: English, Chinese, Thaie aAspect Ratio 1:33.1,Presentation Type: Full Frame, Presentation Size: 4x3 , Format: DVD 9 Dual Layer Single Sided Disc. Layer Transition may trigger a slight pause.  aAnimated Movie cCF2ddchDVDmEVER c16007d16007 00102ddc4070aLbLd2008-09-30ePurchaseg499.00l16m2oDVD EVERpDVD-000764r2013-04-03 00:00:00s2013-03-20t1v499.00w2008-09-30yCF 00102ddc4070aZLSbZLSd2008-09-30ePurchaseg499.00l20oDVD EVERpDVD-000765r2015-06-24 00:00:00s2015-06-12t1v499.00w2008-09-30yCF 00102ddc4070aBL1bBL1d2008-09-30ePurchaseg499.00l17oDVD EVERpDVD-000766r2017-12-30 00:00:00s2017-12-18t1v499.00w2008-09-30yCF